Průvodce základními statistickými metodami

Enregistré dans:
Détails bibliographiques
Auteur principal: Budíková, Marie
Autres auteurs: Králová, Maria, Maroš, Bohumil
Format: Livre
Langue:tchèque
Publié: Praha GRADA 2010
Collection:Expert
Sujets:
Tags: Ajouter un tag
Pas de tags, Soyez le premier à ajouter un tag!

MARC

LEADER 00000nam a2200000 4500
001 0121152
005 20240226134304.2
020 |a 978-80-247-3243-5 
041 0 |a cze 
044 |a CZ 
245 1 0 |a Průvodce základními statistickými metodami  |c Marie Budíková, Maria Králová, Bohumil Maroš 
264 1 |a Praha  |b GRADA  |c 2010 
300 |a 272 s. 
490 1 |a Expert 
830 0 |a Expert 
610 2 0 |a metódy štatistické 
610 2 0 |a dáta 
610 2 0 |a javy náhodné 
610 2 0 |a pravdepodobnosť 
610 2 0 |a štatistika matematická 
610 2 0 |a analýzy 
610 2 0 |a testy 
610 2 0 |a analýza regresná 
610 2 0 |a rady časové 
100 1 |a Budíková, Marie 
700 1 |a Králová, Maria 
700 1 |a Maroš, Bohumil